Dictionary of the vedic riyuals : (Record no. 124433)

MARC details
000 -LEADER
fixed length control field 00664nam a22002297a 4500
005 - DATE AND TIME OF LATEST TRANSACTION
control field 20170124105939.0
010 ## - LIBRARY OF CONGRESS CONTROL NUMBER
LC control number 870642
020 ## - INTERNATIONAL STANDARD BOOK NUMBER
Terms of availability 00.00
035 ## - SYSTEM CONTROL NUMBER
System control number 870642
037 ## - SOURCE OF ACQUISITION
Source of stock number/acquisition Cen Lib/Ret
040 ## - CATALOGING SOURCE
Original cataloging agency DPL
Language of cataloging EN
082 ## - DEWEY DECIMAL CLASSIFICATION NUMBER
Classification number 220.3
Edition number SEN
100 ## - MAIN ENTRY--PERSONAL NAME
Personal name Sen, Chitrabhanu
9 (RLIN) 10754
245 ## - TITLE STATEMENT
Title Dictionary of the vedic riyuals :
Statement of responsibility, etc by swami Chetanananda
Remainder of title based on the srauta and grhya sutra /
260 ## - PUBLICATION, DISTRIBUTION, ETC. (IMPRINT)
Place of publication, distribution, etc Delhi
Name of publisher, distributor, etc Concept publishing company
Date of publication, distribution, etc 1989
270 ## - ADDRESS
City Delhi
Address 65-F, Anand nagar
300 ## - PHYSICAL DESCRIPTION
Extent 166p.:
Dimensions 21cm(Hb)
Other physical details ill.
500 ## - GENERAL NOTE
General note
650 ## - SUBJECT ADDED ENTRY--TOPICAL TERM
Topical term or geographic name as entry element Hinduism
9 (RLIN) 10755
650 ## - SUBJECT ADDED ENTRY--TOPICAL TERM
Topical term or geographic name as entry element Hindu ethics
9 (RLIN) 10756
942 ## - ADDED ENTRY ELEMENTS (KOHA)
Source of classification or shelving scheme Dewey Decimal Classification
Koha item type English Books
Classification part 220.3
Call number suffix SEN
Holdings
Withdrawn status Lost status Damaged status Not for loan Home library Current library Date acquired Source of acquisition Cost, normal purchase price Total Checkouts Full call number Barcode Date last seen Copy number Cost, replacement price Price effective from Koha item type
        Central Library Central Library 16/06/2015 Cen Lib/Ret 0.00   220.3 SEN 870642 16/06/2015 1 0.00 16/06/2015 English Books

© Delhi Public Library
Hit Counter
free hit counter